[Event "UK-ch Blitz (Women)"]
[Site "Leamington Spa"]
[Date "2022.12.03"]
[Round "7"]
[White "Grigoryan, Meri"]
[Black "Somton, Anita"]
[Result "0-1"]
[WhiteElo "1918"]
[BlackElo "1761"]
[PlyCount "114"]
[EventDate "2022.12.03"]
[EventType "tourn (blitz)"]
[EventRounds "15"]
[EventCountry "ENG"]
[SourceTitle "CBM 211 Extra"]
[Source "ChessBase"]
[SourceDate "2023.01.31"]
[SourceVersion "1"]
[SourceVersionDate "2023.01.31"]
[SourceQuality "1"]

1. d4 d5 2. Nf3 Nf6 3. Bf4 c5 4. c3 Nc6 5. e3 e6 6. Nbd2 Qb6 7. Qc1 Be7 8. Bd3 0-0 9. 0-0 Bd7 10. Ne5 Nxe5 11. Bxe5 Rac8 12. Nf3 Bb5 13. Bxb5 Qxb5 14. Rb1 cxd4 15. exd4 Ne4 16. Nd2 Qd3 17. Nxe4 Qxe4 18. Re1 Qg6 19. Qf4 Bg5 20. Qg3 Bf6 21. Qh3 Bxe5 22. dxe5 h6 23. Rbd1 Rc4 24. Qe3 b6 25. h3 Rfc8 26. Rd3 Re4 27. Qd2 Rxe1+ 28. Qxe1 Qxd3 29. f4 Qe4 30. Qh4 b5 31. Qf2 a5 32. g4 b4 33. Qd2 bxc3 34. bxc3 Qc4 35. f5 Qxc3 36. Qf4 Qc1+ 37. Qxc1 Rxc1+ 38. Kf2 Rc2+ 39. Ke3 Rxa2 40. Kd4 exf5 41. gxf5 Rd2+ 42. Kc3 Rd1 43. Kc2 Re1 44. e6 fxe6 45. fxe6 Rxe6 46. h4 a4 47. h5 d4 48. Kd3 a3 49. Kc2 d3+ 50. Kb3 d2 51. Ka2 Re5 52. Kb3 d1Q+ 53. Kc4 Qd5+ 54. Kc3 Re3+ 55. Kc2 Qb3+ 56. Kc1 Qc3+ 57. Kd1 Re1# 0-1

[Event "UK-ch Blitz (Women)"]
[Site "Leamington Spa"]
[Date "2022.12.03"]
[Round "1"]
[White "Pyun, Lindsay"]
[Black "Somton, Anita"]
[Result "1-0"]
[WhiteElo "1515"]
[BlackElo "1761"]
[PlyCount "94"]
[EventDate "2022.12.03"]
[EventType "tourn (blitz)"]
[EventRounds "15"]
[EventCountry "ENG"]
[SourceTitle "CBM 211 Extra"]
[Source "ChessBase"]
[SourceDate "2023.01.31"]
[SourceVersion "1"]
[SourceVersionDate "2023.01.31"]
[SourceQuality "1"]

1. e4 d5 2. exd5 Qxd5 3. Nc3 Qd6 4. d4 Nf6 5. Nf3 c6 6. Be2 Bf5 7. 0-0 Nbd7 8. Re1 e6 9. Be3 Be7 10. Qd2 0-0 11. Bf4 Qb4 12. Rab1 Qa5 13. Bd3 Bxd3 14. Qxd3 Nb6 15. a3 Nbd5 16. Nxd5 Qxd5 17. Re5 Qd7 18. Bg3 Rfd8 19. Re2 Rac8 20. Ne5 Qe8 21. Qe3 Nd5 22. Qf3 Bf6 23. c3 c5 24. Rd1 c4 25. Ng4 Be7 26. Ne5 b6 27. h3 Nf6 28. Ng4 Qb5 29. Rde1 Rd5 30. Ne5 a5 31. Rd2 Qa6 32. Ree2 b5 33. Bh4 b4 34. axb4 axb4 35. Bg3 b3 36. Kh2 Qa2 37. Qe3 Ra8 38. Nc6 Bf8 39. Nb4 Qa5 40. Nxd5 Nxd5 41. Qf3 Qa1 42. Qe4 Ra2 43. Re1 Nxc3 44. bxc3 Qxc3 45. Rxa2 bxa2 46. Qe2 Qe3 47. Qxe3 c3 1-0

[Event "UK-ch Blitz (Women)"]
[Site "Leamington Spa"]
[Date "2022.12.03"]
[Round "13"]
[White "Somton, Anita"]
[Black "Dicen, Elis Denele"]
[Result "0-1"]
[WhiteElo "1761"]
[BlackElo "1618"]
[PlyCount "69"]
[EventDate "2022.12.03"]
[EventType "tourn (blitz)"]
[EventRounds "15"]
[EventCountry "ENG"]
[SourceTitle "CBM 211 Extra"]
[Source "ChessBase"]
[SourceDate "2023.01.31"]
[SourceVersion "1"]
[SourceVersionDate "2023.01.31"]
[SourceQuality "1"]

1. d4 d5 2. Nf3 Nf6 3. c4 e6 4. g3 dxc4 5. Qa4+ Nbd7 6. Qxc4 a6 7. Bg2 b5 8. Qc6 Ra7 9. 0-0 Bb7 10. Qc2 c5 11. dxc5 Bxc5 12. Nc3 0-0 13. Bg5 Be7 14. Rfd1 Qc8 15. Rac1 h6 16. Be3 Bc5 17. Bxc5 Qxc5 18. a4 Rc8 19. Qb3 bxa4 20. Nxa4 Qe7 21. Rxc8+ Bxc8 22. Nd4 Rc7 23. e3 Nc5 24. Nxc5 Qxc5 25. Qb8 Kh7 26. Nc6 Rxc6 27. Bxc6 Qxc6 28. Rd8 Bb7 29. Kf1 Qh1+ 30. Ke2 Bf3+ 31. Kd3 Qd1+ 32. Kc3 Nd5+ 33. Kc4 Qc2+ 34. Kd4 Qa4+ 35. Kd3 0-1

[Event "English Online Blitz (Women)"]
[Site "Chess.com INT"]
[Date "2020.05.16"]
[Round "3.13"]
[White "Somton, Anita"]
[Black "Bayat, Shohreh"]
[Result "1/2-1/2"]
[WhiteElo "1818"]
[BlackElo "2091"]
[PlyCount "50"]
[EventDate "2020.05.16"]
[EventType "k.o. (blitz)"]
[EventRounds "4"]
[EventCountry "ENG"]
[SourceTitle "CBM 196 Extra"]
[Source "ChessBase"]
[SourceDate "2020.07.31"]
[SourceVersion "1"]
[SourceVersionDate "2020.07.31"]
[SourceQuality "1"]

1. d4 e6 2. Nf3 d5 3. c4 c6 4. Qc2 f5 5. e3 Nf6 6. Be2 Bd6 7. 0-0 Nbd7 8. Nc3 Ne4 9. c5 Bc7 10. b4 a6 11. a4 Qf6 12. Bb2 e5 13. b5 axb5 14. axb5 Nxc3 15. Bxc3 e4 16. Rxa8 0-0 17. Nd2 f4 18. b6 fxe3 19. fxe3 Bxh2+ 20. Kxh2 Qh6+ 21. Kg1 Qxe3+ 22. Kh1 Qh6+ 23. Kg1 Qe3+ 24. Kh1 Qh6+ 25. Kg1 Qe3+ 1/2-1/2

[Event "English Online Blitz (Women)"]
[Site "Chess.com INT"]
[Date "2020.05.16"]
[Round "2.21"]
[White "Somton, Anita"]
[Black "Varney, Zoe"]
[Result "0-1"]
[WhiteElo "1818"]
[BlackElo "1917"]
[PlyCount "66"]
[EventDate "2020.05.16"]
[EventType "k.o. (blitz)"]
[EventRounds "4"]
[EventCountry "ENG"]
[SourceTitle "CBM 196 Extra"]
[Source "ChessBase"]
[SourceDate "2020.07.31"]
[SourceVersion "1"]
[SourceVersionDate "2020.07.31"]
[SourceQuality "1"]

1. d4 d5 2. Nf3 Nf6 3. c4 c6 4. Qc2 e6 5. Bf4 Nbd7 6. e3 Be7 7. Nbd2 0-0 8. Bd3 h6 9. h3 Re8 10. 0-0 Bf8 11. Ne5 Nxe5 12. Bxe5 Nd7 13. Bh2 e5 14. cxd5 cxd5 15. dxe5 Nxe5 16. Be2 Nc6 17. Nf3 d4 18. Rfd1 Qf6 19. Nxd4 Nxd4 20. Rxd4 Bf5 21. Qd2 Qg6 22. Kh1 Bc5 23. Rd5 Be4 24. f3 Bxd5 25. Qxd5 Bb6 26. e4 Qc6 27. Qb3 Rac8 28. Bf4 Qc2 29. Bd1 Qf2 30. Bh2 Red8 31. Qb5 Rd2 32. Be2 Rxe2 33. Rg1 Re1 0-1

[Event "English Online Blitz (Women)"]
[Site "Chess.com INT"]
[Date "2020.05.16"]
[Round "2.22"]
[White "Varney, Zoe"]
[Black "Somton, Anita"]
[Result "1-0"]
[WhiteElo "1917"]
[BlackElo "1818"]
[PlyCount "81"]
[EventDate "2020.05.16"]
[EventType "k.o. (blitz)"]
[EventRounds "4"]
[EventCountry "ENG"]
[SourceTitle "CBM 196 Extra"]
[Source "ChessBase"]
[SourceDate "2020.07.31"]
[SourceVersion "1"]
[SourceVersionDate "2020.07.31"]
[SourceQuality "1"]

1. e4 c6 2. c4 e5 3. Nf3 d6 4. d4 Nd7 5. Nc3 Ngf6 6. Bd3 Be7 7. 0-0 0-0 8. Re1 a6 9. a4 b6 10. b4 Bb7 11. Bb2 c5 12. bxc5 bxc5 13. dxe5 dxe5 14. Nd5 Nxd5 15. exd5 f6 16. Bf5 Bd6 17. Be6+ Kh8 18. Nh4 Qe8 19. Nf5 Bc7 20. Qg4 g6 21. Nh6 f5 22. Qg5 Bd8 23. Qg3 f4 24. Qg4 Bc8 25. Bxd7 Qxd7 26. Bxe5+ Bf6 27. Bxf6+ Rxf6 28. Qxd7 Bxd7 29. Re7 Rd8 30. Nf7+ Rxf7 31. Rxf7 g5 32. Re7 Kg8 33. a5 h6 34. Rae1 Kf8 35. d6 Bc6 36. R7e6 Kg8 37. Rxh6 Kg7 38. Rhe6 Bd7 39. Re7+ Kf8 40. f3 Kg8 41. Kf2 1-0

[Event "GBR-ch blitz (Women)"]
[Site "Birmingham"]
[Date "2019.11.16"]
[Round "10"]
[White "Somton, Anita"]
[Black "Mirza, Diana"]
[Result "1-0"]
[WhiteElo "1593"]
[BlackElo "1772"]
[PlyCount "71"]
[EventDate "2019.11.16"]
[EventType "tourn (blitz)"]
[EventRounds "15"]
[EventCountry "ENG"]
[SourceTitle "CBM 193 Extra"]
[Source "ChessBase"]
[SourceDate "2020.01.31"]
[SourceVersion "1"]
[SourceVersionDate "2020.01.31"]
[SourceQuality "1"]

1. d4 Nf6 2. Nf3 g6 3. c4 Bg7 4. Nc3 0-0 5. e4 d6 6. Be2 Nc6 7. 0-0 e5 8. d5 Ne7 9. b4 a5 10. b5 Nh5 11. Be3 Nf4 12. c5 Nxe2+ 13. Qxe2 f5 14. cxd6 Qxd6 15. Rac1 fxe4 16. Nxe4 Qxd5 17. Bc5 Nf5 18. Bxf8 Bxf8 19. Rfd1 Qf7 20. Neg5 Qe7 21. Qxe5 Qxe5 22. Nxe5 Bg7 23. Nef3 h6 24. Ne4 Be6 25. Rd2 Rc8 26. Nc5 Bf7 27. Nxb7 a4 28. Nc5 a3 29. Na6 Bb2 30. Rxc7 Rxc7 31. Nxc7 Bxa2 32. b6 Bb1 33. Rxb2 axb2 34. b7 Kf7 35. b8Q Be4 36. Qxb2 1-0

[Event "Telford 4NCL op 22nd"]
[Site "Telford"]
[Date "2019.07.21"]
[Round "4"]
[White "Somton, Anita"]
[Black "Adams, Mark"]
[Result "0-1"]
[WhiteElo "1832"]
[BlackElo "1963"]
[PlyCount "136"]
[EventDate "2019.07.19"]
[EventType "swiss"]
[EventRounds "5"]
[EventCountry "ENG"]
[SourceTitle "EXT 2020"]
[Source "ChessBase"]
[SourceDate "2019.10.17"]
[SourceVersion "1"]
[SourceVersionDate "2019.10.17"]
[SourceQuality "1"]

1. d4 Nf6 2. Nf3 e6 3. c4 d5 4. g3 Bb4+ 5. Bd2 Be7 6. Bg2 0-0 7. 0-0 Nbd7 8. cxd5 exd5 9. Nc3 c6 10. Qc2 Re8 11. a3 Bd6 12. Nh4 g6 13. Bg5 Be7 14. Nf3 Ne4 15. Bxe7 Qxe7 16. Nxe4 Qxe4 17. Qxe4 Rxe4 18. e3 Re7 19. b4 a6 20. Rac1 Nb6 21. Nd2 Bf5 22. Rfe1 Bd3 23. Bf1 Bb5 24. Kg2 Ba4 25. Rc5 Bb5 26. Rcc1 Nc8 27. Rc3 Nd6 28. Rb1 Ree8 29. Kg1 Ra7 30. Rbb3 a5 31. bxa5 Rxa5 32. Bxb5 Nxb5 33. Rd3 Rea8 34. Nb1 Nd6 35. Kf1 b5 36. Rdc3 Nc4 37. Ke2 Kf8 38. Rc2 Ke7 39. Ra2 Kd6 40. Kd3 f5 41. Kc3 g5 42. Kd3 Ra4 43. Kc3 R8a7 44. Kd3 b4 45. Kc2 Kc7 46. Rd3 R4a6 47. a4 Rxa4 48. Rxa4 Rxa4 49. Kb3 Ra7 50. Rd1 Rb7 51. Nd2 Nd6 52. Ra1 Nb5 53. Ra4 Nc3 54. Rxb4 Rxb4+ 55. Kxb4 Nd1 56. Nf3 h6 57. Ne5 Nxf2 58. Nf7 Ng4 59. Kc3 Kd7 60. h3 Ke7 61. Nxg5 Nh2 62. Nh7 Nf1 63. Kb4 Nxe3 64. Kc5 Kf7 65. Kxc6 Kg7 66. Kd6 Kxh7 67. Ke5 Kg6 68. Kf4 Nc4 0-1

[Event "Stevenage 4NCL Easter op U2050"]
[Site "Stevenage"]
[Date "2019.04.21"]
[Round "4"]
[White "Ramprasad, Cherupalli"]
[Black "Somton, Anita"]
[Result "1-0"]
[WhiteElo "1859"]
[BlackElo "1780"]
[PlyCount "71"]
[EventDate "2019.04.19"]
[EventType "swiss"]
[EventRounds "7"]
[EventCountry "ENG"]
[SourceTitle "CBM 190 Extra"]
[Source "ChessBase"]
[SourceDate "2019.07.15"]
[SourceVersion "1"]
[SourceVersionDate "2019.07.15"]
[SourceQuality "1"]

1. d4 d5 2. Nf3 Nf6 3. g3 e6 4. Bg2 Be7 5. 0-0 0-0 6. b3 Nbd7 7. Bb2 b6 8. c4 Bb7 9. Nc3 dxc4 10. bxc4 Re8 11. Qd3 c5 12. d5 exd5 13. cxd5 Bd6 14. e4 a5 15. Rfe1 Ba6 16. Qc2 b5 17. Bf1 c4 18. Nd4 b4 19. Ncb5 Bxb5 20. Nxb5 Ne5 21. Bxe5 Bxe5 22. Rad1 c3 23. Kg2 Qb6 24. f4 Bb8 25. e5 Nd7 26. Bd3 h6 27. Nd4 Nc5 28. Bb5 Rf8 29. Bc6 Ra7 30. f5 Re7 31. f6 Rxe5 32. fxg7 Kxg7 33. Nf5+ Kh8 34. Nxh6 Rh5 35. Nf5 Qd8 36. Qf2 1-0

[Event "Harrogate 4NCL op-A 21st"]
[Site "Harrogate"]
[Date "2019.01.19"]
[Round "2"]
[White "Vickery, Jim"]
[Black "Somton, Anita"]
[Result "1/2-1/2"]
[WhiteElo "1965"]
[BlackElo "1816"]
[PlyCount "38"]
[EventDate "2019.01.18"]
[EventType "swiss"]
[EventRounds "5"]
[EventCountry "ENG"]
[SourceTitle "CBM 188 Extra"]
[Source "ChessBase"]
[SourceDate "2019.02.26"]
[SourceVersion "1"]
[SourceVersionDate "2019.02.26"]
[SourceQuality "1"]

1. d4 d5 2. Nf3 Nf6 3. c4 e6 4. Nc3 Be7 5. Bg5 Nbd7 6. e3 0-0 7. cxd5 Nxd5 8. Bxe7 Qxe7 9. Rc1 N7f6 10. Bd3 Rd8 11. 0-0 b6 12. Nxd5 Nxd5 13. a3 h6 14. Qe2 a5 15. Bb5 Bb7 16. Bc6 Ba6 17. Bb5 Bb7 18. Bc6 Ba6 19. Bb5 Bb7 1/2-1/2

[Event "BCF-chT3Sb 1819 (4NCL)"]
[Site "England"]
[Date "2019.01.12"]
[Round "3.83"]
[White "Somton, Anita"]
[Black "Higgs, Anthony"]
[Result "1/2-1/2"]
[WhiteElo "1952"]
[BlackElo "2027"]
[PlyCount "79"]
[EventDate "2018.11.17"]
[EventType "team-tourn"]
[EventRounds "7"]
[EventCountry "ENG"]
[SourceTitle "EXT 2021"]
[Source "ChessBase"]
[SourceDate "2020.10.23"]
[SourceVersion "1"]
[SourceVersionDate "2020.10.23"]
[SourceQuality "1"]
[WhiteTeam "Iceni II"]
[BlackTeam "Sussex Martlets II"]
[WhiteTeamCountry "ENG"]
[BlackTeamCountry "ENG"]

1. d4 Nf6 2. Nf3 b6 3. g3 Bb7 4. Bg2 e6 5. 0-0 Be7 6. c4 0-0 7. Nc3 d5 8. Ne5 Ne4 9. cxd5 Nxc3 10. bxc3 Bxd5 11. e4 Bb7 12. Be3 Nd7 13. f4 Nf6 14. Qc2 c5 15. dxc5 Bxc5 16. Bxc5 bxc5 17. g4 Qc7 18. g5 Nd7 19. Ng4 Rae8 20. Rab1 Ba6 21. Rf3 e5 22. f5 Rb8 23. Rd1 f6 24. g6 hxg6 25. fxg6 Rfd8 26. Ne3 Nb6 27. Nd5 Nxd5 28. exd5 Bc8 29. Qe4 Kf8 30. Qh4 Be6 31. Qh8+ Bg8 32. Bh3 Rb6 33. Bf1 e4 34. Rg3 c4 35. Rd4 Qc5 36. Kh1 Rb1 37. Rg1 Rd6 38. Rxc4 Qxd5 39. Rc8+ Rd8 40. Rxd8+ 1/2-1/2

[Event "Telford 4NCL U2050 op"]
[Site "Telford"]
[Date "2018.11.02"]
[Round "5"]
[White "De Coverly, Roger D"]
[Black "Somton, Anita"]
[Result "0-1"]
[WhiteElo "1946"]
[BlackElo "1787"]
[PlyCount "88"]
[EventDate "2018.10.31"]
[EventType "swiss"]
[EventRounds "9"]
[EventCountry "ENG"]
[SourceTitle "CBM 187 Extra"]
[Source "ChessBase"]
[SourceDate "2018.11.04"]
[SourceVersion "1"]
[SourceVersionDate "2018.11.04"]
[SourceQuality "1"]

1. e4 c6 2. d4 d5 3. e5 Bf5 4. Nd2 e6 5. Ndf3 Nd7 6. Ne2 c5 7. Ng3 Bg6 8. c3 cxd4 9. cxd4 h6 10. Be2 Ne7 11. 0-0 Nc6 12. a3 Be7 13. b4 0-0 14. b5 Na5 15. Qa4 Rc8 16. Bd2 Nc4 17. Bxc4 Nb6 18. Ba5 Rxc4 19. Qd1 Qd7 20. Nd2 Rcc8 21. Bxb6 axb6 22. a4 Bc2 23. Qg4 Kh7 24. Rfc1 f5 25. exf6 Rxf6 26. Qe2 Bg6 27. h4 Rcf8 28. h5 Be8 29. Nf3 Bd6 30. Ne5 Bxe5 31. Qxe5 R8f7 32. Ra2 Qe7 33. Rac2 Qb4 34. Nh1 Qxa4 35. Rc8 Qxb5 36. Qb8 Rf8 37. Qxb7 Bxh5 38. Rxf8 Rxf8 39. Ng3 Qb2 40. Rf1 Bg6 41. Qe7 Rf6 42. Qd6 Qxd4 43. Ne2 Qd2 44. Ng3 Bd3 0-1

[Event "Wch U14 Girls"]
[Site "Porto Carras"]
[Date "2018.10.29"]
[Round "10.30"]
[White "Somton, Anita"]
[Black "Ruzic, Pia Marie"]
[Result "1-0"]
[WhiteElo "1787"]
[BlackElo "1691"]
[PlyCount "63"]
[EventDate "2018.10.20"]
[EventType "swiss"]
[EventRounds "11"]
[EventCountry "GRE"]
[SourceTitle "CBM 187 Extra"]
[Source "ChessBase"]
[SourceDate "2018.11.04"]
[SourceVersion "1"]
[SourceVersionDate "2018.11.04"]
[SourceQuality "1"]

1. e4 e6 2. d4 d5 3. Nc3 Bb4 4. exd5 exd5 5. Bd3 Nc6 6. Nge2 Nge7 7. a3 Bxc3+ 8. bxc3 Bf5 9. Ng3 Bxd3 10. cxd3 0-0 11. 0-0 Qc8 12. Rb1 b6 13. Qf3 Nd8 14. c4 Ne6 15. Bb2 Qd7 16. Rfd1 h6 17. c5 bxc5 18. dxc5 Nxc5 19. Bxg7 Qd6 20. Bxf8 Rxf8 21. Rb4 Kh7 22. Rg4 Nd7 23. d4 Nf6 24. Rf4 Nfg8 25. Rxf7+ Rxf7 26. Qxf7+ Kh8 27. Nh5 Qg6 28. Qxg6 Nxg6 29. Rc1 N6e7 30. Rxc7 Nf5 31. Nf4 Nge7 32. g4 1-0

[Event "GBR-ch Major 105th"]
[Site "Hull"]
[Date "2018.08.04"]
[Round "8"]
[White "Thatte, Nishchal"]
[Black "Somton, Anita"]
[Result "1/2-1/2"]
[WhiteElo "1748"]
[BlackElo "1843"]
[PlyCount "79"]
[EventDate "2018.07.28"]
[EventType "swiss"]
[EventRounds "9"]
[EventCountry "ENG"]
[SourceTitle "CBM 185 Extra"]
[Source "ChessBase"]
[SourceDate "2018.07.29"]
[SourceVersion "1"]
[SourceVersionDate "2018.07.29"]
[SourceQuality "1"]

1. e4 c6 2. d4 d5 3. Nd2 dxe4 4. Nxe4 Bf5 5. Ng3 Bg6 6. h4 h6 7. Nf3 e6 8. Ne5 Bh7 9. Bd3 Bxd3 10. Qxd3 Nd7 11. f4 Ngf6 12. Bd2 Nxe5 13. fxe5 Nd5 14. 0-0-0 Qd7 15. Rhf1 0-0-0 16. Ne4 f5 17. exf6 Nxf6 18. Nxf6 gxf6 19. Rxf6 Bg7 20. Rg6 Bxd4 21. c3 Bf2 22. Qxd7+ Rxd7 23. Be1 Be3+ 24. Kc2 Re8 25. Rxd7 Kxd7 26. Bd2 Bxd2 27. Kxd2 Rf8 28. Ke2 h5 29. Rg7+ Kc8 30. Re7 Rf6 31. Rh7 Rf5 32. Ke3 a6 33. b4 a5 34. a3 axb4 35. axb4 b5 36. Ke4 Kd8 37. Rg7 Rd5 38. g4 hxg4 39. Rxg4 Rh5 40. Kf4 1/2-1/2

[Event "GBR-ch Major 105th"]
[Site "Hull"]
[Date "2018.08.02"]
[Round "6"]
[White "Somton, Anita"]
[Black "Turner, Tim M"]
[Result "0-1"]
[WhiteElo "1843"]
[BlackElo "1805"]
[PlyCount "76"]
[EventDate "2018.07.28"]
[EventType "swiss"]
[EventRounds "9"]
[EventCountry "ENG"]
[SourceTitle "CBM 185 Extra"]
[Source "ChessBase"]
[SourceDate "2018.07.29"]
[SourceVersion "1"]
[SourceVersionDate "2018.07.29"]
[SourceQuality "1"]

1. e4 c5 2. Nc3 e6 3. f4 Nc6 4. Nf3 a6 5. d3 d5 6. g3 Nf6 7. exd5 exd5 8. Bg2 Be7 9. 0-0 0-0 10. Ne5 Re8 11. h3 Bd6 12. Nxc6 bxc6 13. Qf3 Ra7 14. b3 Rae7 15. Qf2 Bd7 16. Bd2 Qc8 17. g4 h5 18. g5 Nh7 19. Qh4 g6 20. Kh2 Bf5 21. Rg1 Nf8 22. Bf3 Qb8 23. Raf1 Qb7 24. Rg2 Ne6 25. Ne2 Nd4 26. Nxd4 cxd4 27. Kh1 Qd7 28. Rg3 Qd8 29. Rfg1 Re6 30. R3g2 Qe7 31. Kh2 Bb4 32. Bxb4 Qxb4 33. Qf2 Re3 34. Rd1 Qd6 35. Bxh5 Rxh3+ 36. Kg1 Rxh5 37. Re1 Rxe1+ 38. Qxe1 Qxf4 0-1

[Event "GBR-ch Major 105th"]
[Site "Hull"]
[Date "2018.08.01"]
[Round "5"]
[White "Yoon, Jacob D"]
[Black "Somton, Anita"]
[Result "1-0"]
[WhiteElo "2039"]
[BlackElo "1843"]
[PlyCount "79"]
[EventDate "2018.07.28"]
[EventType "swiss"]
[EventRounds "9"]
[EventCountry "ENG"]
[SourceTitle "CBM 185 Extra"]
[Source "ChessBase"]
[SourceDate "2018.07.29"]
[SourceVersion "1"]
[SourceVersionDate "2018.07.29"]
[SourceQuality "1"]

1. e4 c6 2. Nc3 d5 3. d4 dxe4 4. Nxe4 Bf5 5. Ng3 Bg6 6. Nf3 Nd7 7. h4 h6 8. h5 Bh7 9. Bd3 Bxd3 10. Qxd3 e6 11. Bf4 Ngf6 12. c4 Bb4+ 13. Bd2 Bd6 14. 0-0-0 Qc7 15. Ne2 c5 16. Nc3 a6 17. d5 e5 18. Nh4 0-0-0 19. Nf5 Bf8 20. f3 Kb8 21. Kb1 Nb6 22. Rde1 Ne8 23. Ne4 f6 24. Ba5 Nd6 25. Nfxd6 Bxd6 26. Nc3 Be7 27. Na4 Rd6 28. f4 Bd8 29. Bxb6 Rxb6 30. Nxb6 Qxb6 31. fxe5 fxe5 32. Rxe5 Bf6 33. Re2 Rd8 34. Qc2 Ka7 35. a3 a5 36. Rhe1 Bh4 37. Re6 Qc7 38. R1e2 Bf6 39. Qa4 b6 40. Qb5 1-0